Preguntas a Jean-Paul Sartre : (Registro nro. 4364)
[ vista simple ]
| 000 -LEADER | |
|---|---|
| fixed length control field | 01165nam a2200241Ia 4500 |
| 003 - CONTROL NUMBER IDENTIFIER | |
| control field | OSt |
| 005 - DATE AND TIME OF LATEST TRANSACTION | |
| control field | 20200402123115.0 |
| 008 - FIXED-LENGTH DATA ELEMENTS--GENERAL INFORMATION | |
| fixed length control field | 191128s1964 ag er 000 0 spa d |
| 040 ## - CATALOGING SOURCE | |
| Original cataloging agency | CO-JMCR |
| Transcribing agency | CO-JMCR |
| 041 1# - LANGUAGE CODE | |
| Language code of text/sound track or separate title | spa |
| Language code of original | eng |
| 082 04 - DEWEY DECIMAL CLASSIFICATION NUMBER | |
| Classification number | 142 .78 / |
| Item number | G212p |
| 100 1# - MAIN ENTRY--PERSONAL NAME | |
| Personal name | Garaudy, Roger, |
| Relator term | autor |
| 9 (RLIN) | 1168 |
| 245 10 - TITLE STATEMENT | |
| Title | Preguntas a Jean-Paul Sartre : |
| Remainder of title | precedidas por una carta abierta / |
| Statement of responsibility, etc. | Roger Garaudy ; traducción de Hector P. Agosti |
| 260 ## - PUBLICATION, DISTRIBUTION, ETC. | |
| Place of publication, distribution, etc. | Buenos Aires : |
| Name of publisher, distributor, etc. | Ediciones Procyon, |
| Date of publication, distribution, etc. | 1964 |
| 300 ## - PHYSICAL DESCRIPTION | |
| Extent | 112 páginas ; |
| Dimensions | 20 cm |
| 500 ## - GENERAL NOTE | |
| General note | Incluye datos biográficos del autor en solapa. |
| 500 ## - GENERAL NOTE | |
| General note | Título original: Questions a Jean-Paul Sartre, precedees Dúne lettre ouverte |
| 505 0# - FORMATTED CONTENTS NOTE | |
| Formatted contents note | Carta abierta a Jean-Paul Sartre -- Existencia y marxismo -- ¿Qué es la dialéctica? -- ¿Qué es la materia? -- ¿La dialéctica es una ley de la naturaleza o una ley del pensamiento? -- ¿En qué se convierte el materialismo histórico? -- ¿No se trata, pues, de transformar el mundo? |
| 546 ## - LANGUAGE NOTE | |
| Language note | Traducido del inglés |
| 650 14 - SUBJECT ADDED ENTRY--TOPICAL TERM | |
| Topical term or geographic name entry element | Critica e interpretación Existencialismo |
| 9 (RLIN) | 1169 |
| 700 1# - ADDED ENTRY--PERSONAL NAME | |
| Personal name | Agosti, Hector P., |
| Relator term | traductor |
| 9 (RLIN) | 1170 |
| 942 ## - ADDED ENTRY ELEMENTS (KOHA) | |
| Source of classification or shelving scheme | Dewey Decimal Classification |
| Koha item type | Books |
| Withdrawn status | Lost status | Source of classification or shelving scheme | Damaged status | Not for loan | Collection code | Home library | Current library | Shelving location | Date acquired | Source of acquisition | Cost, normal purchase price | Full call number | Barcode | Date last seen | Copy number | Price effective from | Koha item type |
|---|---|---|---|---|---|---|---|---|---|---|---|---|---|---|---|---|---|
| Dewey Decimal Classification | Non-fiction | Biblioteca Pública José María del Castillo y Rada | Biblioteca Pública José María del Castillo y Rada | Processing Center | 10/15/2018 | Donación | 0.00 | 142.78 / G212p | 201809214 | 05/16/2024 | Ej.1 | 11/28/2019 | Books |